แสดงรายละเอียดบรรณานุกรม
  กลับหน้าหลัก

Brief Record : Get Marc (ISO 2709) : E-mail record : QR code ปิดหน้าต่าง
E-books : เกี่ยวกับ Collections
LEADER 00000nama 2200000uu 4500
001    197481
003     ULIBM
008    040531s|||| th m m a000 0 tha d
020    974-13-2553-3
041    tha
050    HA32 ก399ก 2548
100    กัลยา วานิชย์บัญชา,รศ.ดร.
245    การวิเคราะห์สถิติขั้นสูงด้วย SPSS for Windows/รศ.ดร.กัลยา วานิชย์บัญชา.
250    พิมพ์ครั้งที่ 4.
260    กรุงเทพฯ. จุฬาลงกรณ์มหาวิทยาลัย. 2548.
300    260 หน้า.
600    1.จุฬาลงกรณ์มหาวิทยาลัย,คณะพาณิชย์ศาสตร์และการบัญชี ภาควิชาสถิติ.
650    1.เอส พี เอส เอส(โปรแกรมคอมพิวเตอร์) 2.การประมวลผลข้อมูลอิเล็กทรอนิกส์ 3.สถิติ--การประมวล.
995    001
รายการนี้ยังไม่มีแท็ก
คุณยังไม่ได้ล็อกอิน คุณสามารถมีกิจกรรมร่วมกับเว็บไซต์ได้ แต่ต้องล็อกอินก่อน ::
  ล็อกอิน
ลำดับที่ ประเภท เลขเรียก สถานที่ สถานะ
1. หนังสือทั่วไป
หนังสือทั่วไป
สถานะ=อยู่บนชั้นแสดงหนังสือ
HA32 ก399ก 2548  
  
ห้องสมุด หอพักนักศึกษา (ห้องเหลือง) On Shelf
  ขอยืม
2. หนังสือทั่วไป
หนังสือทั่วไป
HA32 ก399ก 2548  
  
หนังสือทั่วไป On Shelf
  ขอยืม
   [แสดง 2/2 รายการ]

BibComment


ยังไม่เคยถูกคอมเมนท์

คอมเมนท์ทรัพยากรรายการนี้
  คอมเมนท์: การวิเคราะห์สถิติ..
Bib 197481

 
 
 

 Union Library Management : ULibM
Copyright 2026. All Rights Reserved.
скачать бесплатно без регистрации порно красивый секс HD Sex Hindi sex

xxx gou

xxxx

bfxxx

xxxwww

Секса Видео

xxxx

Секса Видео

detube

geilexxx

C99 Shell

worms shell

blod xxx video
Ebony Coed Rihanna Rimes Takes A Dick In Her Young Twat priyaa indian fuck anal and pusssy hardcore indian women xxx desi hardcore fucking part 1 bengalixxxcouple